000 00709nam a2200181Ia 4500
008 151202s9999||||xx |||||||||||||| ||und||
082 _bPNVM-45550
100 _aप्राान हेमचंद्र.
245 _aविज्ञान शिक्षण नव्या वाटा.
260 _bग्रंथाली प्रकाशन.
260 _c2004
300 _a175
600 _aप्राान हेमचंद्र.
630 _aविज्ञान शिक्षण नव्या वाटा.
700 _aप्राान हेमचंद्र.
730 _aविज्ञान शिक्षण नव्या वाटा.
942 _cBOOK
999 _c1311501
_d1311498